|
|
|
|
| LEADER |
02167nam a2200505 i 4500 |
| 001 |
nkc20233499118 |
| 003 |
CZ PrNK |
| 005 |
20230511100117.0 |
| 007 |
ta |
| 008 |
230203s2022 xr f 101 0 eng |
| 015 |
|
|
|a cnb003499118
|
| 020 |
|
|
|a 978-80-7378-465-2
|q (brožováno)
|
| 035 |
|
|
|a (OCoLC)1381703615
|
| 040 |
|
|
|a BOA001
|b cze
|e rda
|
| 072 |
|
7 |
|a 515.1
|x Topologie
|2 Konspekt
|9 13
|
| 080 |
|
|
|a 515.1
|2 MRF
|
| 080 |
|
|
|a (062.534)
|2 MRF
|
| 080 |
|
|
|a (048.3)
|2 MRF
|
| 111 |
2 |
|
|a TOPOSYM (sympozium)
|n (13. :
|d 2022 :
|c Praha, Česko)
|7 mzk20231181274
|4 aut
|
| 245 |
1 |
0 |
|a Toposym 2022 :
|b book of abstracts /
|c A. Bartoš, D. Chodounský (eds.)
|
| 246 |
1 |
|
|i Obálkový podnázev:
|a Prague Topological Symposium, July 2022
|
| 264 |
|
1 |
|a Prague :
|b Matfyzpress,
|c 2022
|
| 300 |
|
|
|a 120 stran ;
|c 21 cm
|
| 336 |
|
|
|a text
|b txt
|2 rdacontent
|
| 337 |
|
|
|a bez média
|b n
|2 rdamedia
|
| 338 |
|
|
|a svazek
|b nc
|2 rdacarrier
|
| 500 |
|
|
|a "The thirteenth symposium on general topology and its relations to modern analysis and algebra - Toposym 2022 - is held in Prague on July 25-29, 2022"--Předmluva
|
| 500 |
|
|
|a Pod názvem: Faculty of Mathematics and Physics Charles University, Institute of Mathematics Czech Academy of Sciences, Faculty of Information Technology CTU in Prague
|
| 504 |
|
|
|a Obsahuje bibliografické odkazy a rejstřík
|
| 650 |
0 |
7 |
|a topologie
|7 ph116463
|2 czenas
|
| 650 |
0 |
9 |
|a topology
|2 eczenas
|
| 655 |
|
7 |
|a sborníky konferencí
|7 fd133333
|2 czenas
|
| 655 |
|
7 |
|a abstrakta
|7 fd131780
|2 czenas
|
| 655 |
|
9 |
|a proceedings of conferences
|2 eczenas
|
| 655 |
|
9 |
|a abstracts
|2 eczenas
|
| 700 |
1 |
|
|a Bartoš, Adam
|4 edt
|
| 700 |
1 |
|
|a Chodounský, David
|4 edt
|
| 710 |
2 |
|
|a Univerzita Karlova.
|b Matematicko-fyzikální fakulta
|7 kn20010710349
|4 orm
|4 isb
|
| 710 |
2 |
|
|a Matematický ústav (Akademie věd ČR)
|7 kn20020321452
|4 orm
|
| 710 |
2 |
|
|a České vysoké učení technické v Praze.
|b Fakulta informačních technologií
|7 ctu2012719222
|4 orm
|
| 910 |
2 |
|
|a BOA001
|b 2-1505.378
|
| 990 |
|
|
|a BK
|
| 995 |
|
|
|a 01
|
| 991 |
|
|
|b 202303
|c NOV
|
| 996 |
6 |
|
|b 2610933803
|c 2-1505.378
|l MZK
|r Sklad / do 1 hodiny
|n 0
|p p.v.
|w 001918686
|u 000010
|a 1
|e BOA001
|j MZK50
|s P
|